00650nam a22001337a 450000500170000000800410001705000330005810000280009124501420011926000430026130000210030450000270032565001640035220260514091027.0260514b |||||||| |||| 00| 0 eng d aTHE HF 5681 .B2 K4 B365 2025 aBANGARA, SAMUEL NDAITA. aINTEGRATED REPORTING CAPITALS DISCLOSURE AND FIRM VALUE OF LISTED COMPANIES IN KENYA VERSUS SOUTH AFRICA: THE ROLE OF THE BUSINESS MODEL. aKISII,bKISII UNIVERSITY PRESS,c2025. aXXIV, 345 P, ILL aINCLUDES BIBLIOGRAPHY. a1. CORPORATIONS- VALUATION-KENYA-SOUTH AFRICA 2. FINANCIAL STatements- south africa - kenya . 3. DISCLOSURE OF INFORMATION- CORPORATION - KENYA- SOUTH AFRICA